Quaderns d'estudi : publicació mensual del Consell d'Investigació Pedagògica de la Diputació de Barcelona, sota els auspicis de la Mancomunitat de Catalunya publicació mensual del Consell d'Investigació Pedagògica de la Diputació de Barcelona, sota els auspicis de la Mancomunitat de Catalunya
Descripción Física:
16 volums : il·lustracions, periodicitat mensual ; 20 cm.
Idioma:
Catalán
MARC
| LEADER | 00000nas a2200000 a 4500 | ||
|---|---|---|---|
| 001 | 8791-8806 | ||
| 003 | Arxiu | ||
| 005 | 20260324181036.0 | ||
| 008 | 160829d19151924spcmr p xx cat 000 0 cat d | ||
| 040 | |c agdb | ||
| 245 | 1 | 0 | |a Quaderns d'estudi : |b publicació mensual del Consell d'Investigació Pedagògica de la Diputació de Barcelona, sota els auspicis de la Mancomunitat de Catalunya |
| 260 | |a [Barcelona] : |b Consell d'Investigació Pedagògica, Diputació de Barcelona, |c 1915-1924 | ||
| 300 | |a 16 volums : |b il·lustracions, periodicitat mensual ; |c 20 cm. | ||
| 310 | |a Mensual | ||
| 362 | |a Any 1, núm. 1 (oct. 1915) - Vol. 16, núm. 58 (gener-març 1924) | ||
| 500 | |a Col·laboradors: Eugeni d'Ors, Alexander Galí, Pere M. Bordoy Torrents, etc. | ||
| 500 | |a A partir d'abril de 1920 es perd la designació d'any d'edició i la segona menció de volum | ||
| 505 | |a Conté: Confessió de Barcelona / Arnau de Vilanova (Vol XIII) | ||
| 590 | |a Mensual. | ||
| 590 | |a Acaba el març de 1924. | ||
| 590 | |a Canvis en la numeració. | ||
| 590 | |a Suplement: Butlletí dels mestres. | ||
| 590 | |a A partir de 1920 l'entitat editora és la Mancomunitat de Catalunya. | ||
| 590 | |a Hi ha duplicats de varis números. | ||
| 650 | |a Pedagogia |x Revistes |9 41411 | ||
| 655 | 0 | |9 55823 |a Revistes | |
| 710 | 2 | |a Catalunya. |b Mancomunitat |9 53015 | |
| 710 | 1 | |a Barcelona (Catalunya : Província). |b Consell de Pedagogia |9 54044 | |
| 710 | 1 | |a Barcelona (Catalunya : Província). |b Consell d'Investigació Pedagògica |9 54948 | |
| 866 | |a Llibre 1: any 1, 1915 (1, 2, 3), 1916 (4); llibre 2: 1916 (2, núm. 1, 2, 3, 4, 5); llibre 3: any 2, 1916 (1, núm. 1, 2, 3, 4); llibre 4: 1917 (1, núm. 4 ; 2, núm. 1, 2, 3, 4, 5); llibre 5: any 3, 1917 (1, núm. 1, 2, 3, 4); llibre 6: 1918 (2, núm. 1, 2, 3); llibre 7: 1918 (3, núm. 1, 2); llibre 8: any 4, 1918 (1, núm. 1, 2, 3), 1919 (1, núm. 4); llibre 9: 1919 (2, núm. 1, 2, 3, 4, 5); llibre 10: any 5, 1919 (1, núm. 1), 1920 (1, núm. 2); llibre 11: 1920 (11, núm. 39, 40, 41); llibre 12: 1920 (42, 43, 44, 45); llibre 13: 1921 (46, 47, 48, 49); llibre 14: 1922 (50, 51, 52, 53); llibre 15: 1923 (54, 55, 56, 57); llibre 16: 1924 (58) | ||
| 901 | |a Arxiu | ||
| 942 | |n 1 |2 udc |c REV | ||
| 952 | |0 0 |1 0 |4 0 |6 REV413 |7 1 |9 45320 |a Arxiu |b Arxiu |d 2016-12-01 |h Any 1, núm. 1 (octubre 1915) - Any 1, núm. 4 (gener 1916) |o Rev-413 |p 8791 |r 2016-12-01 00:00:00 |w 2016-12-01 |y ARXIU | ||
| 952 | |0 0 |1 0 |4 0 |6 REV414 |7 1 |9 64086 |a Arxiu |b Arxiu |d 2022-11-02 |h Any 1, Vol. II, núm. 1 (febrer 1916) - Any 1, Vol. II, núm. 5 (juny 1916) |o Rev-414 |p 8792 |r 2022-11-02 00:00:00 |w 2022-11-02 |y ARXIU | ||
| 952 | |0 0 |1 0 |4 0 |6 REV415 |7 1 |9 64087 |a Arxiu |b Arxiu |d 2022-11-02 |h Any 2, Vol. I, núm. 1 (octubre 1916) - Any 2, Vol. I, núm. 4 (gener 1917) |o Rev-415 |p 8793 |r 2022-11-02 00:00:00 |w 2022-11-02 |y ARXIU | ||
| 952 | |0 0 |1 0 |4 0 |6 REV416 |7 1 |9 64088 |a Arxiu |b Arxiu |d 2022-11-02 |h Any 2, Vol. II, núm. 1 (febrer 1917) - Any 2, Vol. II, núm. 5 (juny 1917) |l 0 |o Rev-416 |p 8794 |r 2022-11-02 00:00:00 |w 2022-11-02 |y ARXIU | ||
| 952 | |0 0 |1 0 |4 0 |6 REV417 |7 1 |9 64090 |a Arxiu |b Arxiu |d 2022-11-02 |h Any 3, Vol. I, núm. 1 (octubre 1917) - Any 3, Vol. I, núm. 4 (gener 1918) |l 0 |o Rev-417 |p 8795 |r 2022-11-02 00:00:00 |w 2022-11-02 |y ARXIU | ||
| 952 | |0 0 |1 0 |4 0 |6 REV418 |7 1 |9 64091 |a Arxiu |b Arxiu |d 2022-11-02 |h Any 3, Vol. II, núm. 1 (febrer 1918) - Any 3, Vol. II, núm. 3 (abril 1918) |l 0 |o Rev-418 |p 8796 |r 2022-11-02 00:00:00 |w 2022-11-02 |y ARXIU | ||
| 952 | |0 0 |1 0 |4 0 |6 REV419 |7 1 |9 64092 |a Arxiu |b Arxiu |d 2022-11-02 |h Any 3, Vol. III, núm. 1 (maig 1918) - Any 3, Vol. III, núm. 2 (juny 1918) |l 0 |o Rev-419 |p 8797 |r 2022-11-02 00:00:00 |w 2022-11-02 |y ARXIU | ||
| 952 | |0 0 |1 0 |4 0 |6 REV420 |7 1 |9 64093 |a Arxiu |b Arxiu |d 2022-11-02 |h Any 4, Vol. I, núm. 1 (octubre 1918) - Any 4, Vol. I, núm. 4 (gener 1919) |o Rev-420 |p 8798 |r 2022-11-02 00:00:00 |w 2022-11-02 |y ARXIU | ||
| 952 | |0 0 |1 0 |4 0 |6 REV421 |7 1 |9 64094 |a Arxiu |b Arxiu |d 2022-11-02 |h Any 4, Vol. II, núm. 1 (febrer 1919) - Any 4, Vol. II, núm. 5 (juny 1919) |l 0 |o Rev-421 |p 8799 |r 2022-11-02 00:00:00 |w 2022-11-02 |y ARXIU | ||
| 952 | |0 0 |1 0 |4 0 |6 REV422 |7 1 |9 64095 |a Arxiu |b Arxiu |d 2022-11-02 |h Any 5, Vol. I, núm. 1 (octubre-novembre-desembre 1919) - Any 5, Vol. I, núm. 2 (gener-febrer-març 1920) |l 0 |o Rev-422 |p 8800 |r 2022-11-02 00:00:00 |w 2022-11-02 |y ARXIU | ||
| 952 | |0 0 |1 0 |4 0 |7 1 |9 64096 |a Arxiu |b Arxiu |d 2022-11-02 |h Vol. 11, núm. 39 (abril 1920) - Vol. 11, núm. 41 (juny 1920) |o Rev-423 |p 8801 |r 2022-11-02 00:00:00 |w 2022-11-02 |y ARXIU | ||
| 952 | |0 0 |1 0 |4 0 |7 1 |9 64097 |a Arxiu |b Arxiu |d 2022-11-02 |h Vol. 12, núm. 42 (juliol 1920) - Vol. 12, núm. 45 (octubre-novembre-desembre 1920) |o Rev-424 |p 8802 |r 2022-11-02 00:00:00 |w 2022-11-02 |y ARXIU | ||
| 952 | |0 0 |1 0 |4 0 |7 1 |9 64098 |a Arxiu |b Arxiu |d 2022-11-02 |h Vol. 13, núm. 46 (gener-març 1921) - Vol. 13, núm. 49 (octubre-desembre 1921) |o Rev-425 |p 8803 |r 2022-11-02 00:00:00 |w 2022-11-02 |y ARXIU |z Conté: Confessió de Barcelona / Arnau de Vilanova | ||
| 952 | |0 0 |1 0 |4 0 |7 1 |9 64099 |a Arxiu |b Arxiu |d 2022-11-02 |h Vol. 14, núm. 50 (gener-març 1922) - Vol. 14, núm. 53 (octubre-desembre 1922) |o Rev-426 |p 8804 |r 2022-11-02 00:00:00 |w 2022-11-02 |y ARXIU | ||
| 952 | |0 0 |1 0 |4 0 |7 1 |9 64100 |a Arxiu |b Arxiu |d 2022-11-02 |h Vol. 15, núm. 54 (gener-març 1923) - Vol. 15, núm. 57 (octubre-desembre 1923) |o Rev-427 |p 8805 |r 2022-11-02 00:00:00 |w 2022-11-02 |y ARXIU |z Conté: Carta geogràfica dels megalits explorats de la Plana de Vic. Escala de 1:2000000 | ||
| 952 | |0 0 |1 0 |4 0 |7 1 |9 64101 |a Arxiu |b Arxiu |d 2022-11-02 |h Vol. 16, núm. 58 (gener-març 1924) |o Rev-428 |p 8806 |r 2022-11-02 00:00:00 |w 2022-11-02 |y ARXIU | ||
| 999 | |c 48394 |d 48394 | ||